| 000 | 01495nam a2200313Ia 4500 | ||
|---|---|---|---|
| 005 | 20220316235357.0 | ||
| 008 | 121119s2000 sp gr 000 f spa | ||
| 020 | _a8472238962 | ||
| 041 | 1 | _aspa | |
| 100 | 1 |
_aWoolf, Virginia, _d1882-1941 |
|
| 245 | 1 | 4 |
_aLas olas _cVirginia Woolf ; traducción de Andrés Bosch |
| 250 | _aSegunda edición | ||
| 264 | 1 |
_aBarcelona _bTusquets _c2000 |
|
| 300 |
_a232 páginas _c18 cm. |
||
| 336 |
_atexto _btxt _2rdacontent |
||
| 337 |
_asin mediación _bn _2rdamedia |
||
| 338 |
_avolumen _bnc _2rdacarrier |
||
| 490 | 0 | _aFábula | |
| 520 | 3 | _aDesde 1931, año de su publicación, Las olas ha sido considerada una de las obras capitales del presente siglo, tanto por la original belleza de su prosa como por la perfección de su revolucionaria técnica, y, con el paso de los años, su influencia sobre la literatura contemporánea ha ido acrecentándose. La novela desarrolla, al compás del batir de las olas en la playa, seis monólogos interiores, a veces discrepantes y aislados, otras veces casi en coloquio concordante, en los que se formulan, desde su infancia hasta sus últimos años, seis vidas múltiples y dispares. | |
| 650 | 1 | 4 |
_2LEMB _aNovela inglesa |
| 650 | 1 | 4 |
_2LEMB _aLiteratura inglesa |
| 650 | 1 | 4 |
_2LEMB _aMujeres _vNovela |
| 650 | 1 | 4 |
_2LEMB _aAmor |
| 650 | 1 | 4 |
_2LEMB _aVida cotidiana _vNovela |
| 700 | 1 |
_aBosch, Andrés _dtraductor _9118187 |
|
| 942 |
_2loc _cBKLIT |
||
| 040 |
_aCO-BoRNBP _bspa _erda _cCO-BoRNBP |
||
| 084 | _aN WOO1 | ||
| 999 |
_c775 _d775 |
||